000 01439nam0a22003611 4500
001 RU\INFOCOMM_322\NLR\5000252057
005 20250614080224.0
035 _a(NLR Aleph) 010596823
090 _a10522892
_c10522892
100 _a20130321d1987 |||y0rusy50 ca
101 0 _aeng
102 _aRU
105 _ay z||||
200 1 _aLight meson spectroscopy
_fM. S. Plyushchay, G. P. Pron'ko, L. D. Soloviev
210 _aSerpukhov
_cИн-т физики высок. энергий
_d1987
215 _a18 с.
_cграф.
_d21 см
225 1 _aUSSR State commission for utilization of atomic energy, Institute for high energy physics
_vИФВЭ ОТФ 87-24
300 _aНа обороте тит. л.: Спектроскопия легких мезонов / Плющай М. С., Пронько Г. П., Соловьев Л. Д.
300 _aРез. на рус. яз.
320 _aБиблиогр.: с. 18
606 0 _aМезоны легкие
_xСпектроскопия
_2nlr_sh1
620 _aСерпухов
686 _aВ382
_2rubbk
700 1 _9z01790
_aPljuščaj
_bM. S.
_gMichail Stepanovič
701 1 _aPron'ko
_bG. P.
_gGeorgij Pavlovič
701 1 _9z02790
_aSolov'ev
_bL. D.
790 1 _9z01700
_aPlyushchay
_bM. S.
_4070
790 1 _9z02701
_aSoloviev
_bL. D.
_4070
801 1 _aRU
_bInfocomm
_c20130321
801 0 _aRU
_bINFOCOMM
_gPSBO
852 _aNLR
_jФз01 Д-4/4629
942 _cBOOK
980 _aNB